| 000 | 00351nam a2200145Ia 4500 | ||
|---|---|---|---|
| 008 | 221030s9999 xx 000 0 und d | ||
| 020 | _a8186830030 | ||
| 082 |
_a105.23 _bBha |
||
| 100 | _aD. Bharihoke | ||
| 245 | 0 | _aFundamentals of Information Technology | |
| 260 |
_bPentagon Press _aNew Delhi _c2000 |
||
| 300 | _a616 | ||
| 650 | _aIT | ||
| 942 | _cBK | ||
| 999 |
_c1147 _d1147 |
||